00512nam a2200145Ia 4500003000900000008004100009020002600050040001600076100003000092245005600122260003200178300002000210490003300230856010300263IN-BaIIA211028s9999 xx s 000 0 eng d a9780819409171 (Print) cIIA Library aChakrabarti, Supriya, ed. 0aInstrumentation for Magnetospheric Imageryh[eBook] aWashington, USAbSPIEc1992 aOnline resource aProceedings of SPIE; V. 1744 uhttps://www.spiedigitallibrary.org/conference-proceedings-of-spie/1744yClick Here to Access eBook